000 00652nam a2200241Ia 4500
003 OSt
005 20221005122327.0
006 a|||||r|||| 00| 0
007 ta
008 221004b |||||||| |||| 00| 0 eng d
024 _a69899
037 _cTextual
040 _aCRL
_cCRL
_beng
041 _2eng
_aeng
082 _aY1:5s247, L0
110 _aCensus of India 1961
245 0 _aJammu and Kashmir
_b Village survey monograph of Badwani ed by J. N. Zutshi. V6, Pt.21
260 _c1970
650 _aSOCIOLOGY
700 _aCensus of India 1961
942 _hY1:5s247, L0
_cTEXL
_2cc
999 _c1043950
_d1043950